| 000 | 01735nam a2200289Ia 4500 | ||
|---|---|---|---|
| 999 |
_c49291 _d49291 |
||
| 001 | 16207 | ||
| 003 | GE_BSU | ||
| 005 | 20250326104825.0 | ||
| 008 | 181216s2006||||ge |||||||||||||| ||geo|| | ||
| 040 | _cGE_BSU | ||
| 041 | _ageo | ||
| 080 | _a611.9+616-089 თ-19 | ||
| 245 |
_aთავისა და კისრის ტოპოგრაფიული ანატომია და ოპერაციული ქირურგია : _bსახელმძღვ. / _cავტ.: კიკალიშვილი ლიანა, რამიშვილი მანანა, თურმანიძე ქეთევანი, თურმანიძე თამარი ; ლ. კიკალიშვილისა და მ. რამიშვილის რედ. |
||
| 264 |
_aთბილისი : _bპოლიგრაფი, _c2006. |
||
| 300 |
_a339 გვ. : _b სურ. ; _c21 სმ. |
||
| 541 | _h35ლ | ||
| 653 | _aთავის ტოპოგრაფიული ანატომია | ||
| 653 | _aკისრის ტოპოგრაფიული ანატომია | ||
| 653 | _a თავისა და კისრის ქირურგია | ||
| 653 | _aოპერაციული ქირურგია | ||
| 653 | _aმედიცინა | ||
| 700 |
_aკიკალიშვილი, ლიანა _eავტორი _910139 |
||
| 700 |
_aრამიშვილი, მანანა _eავტორი _910140 |
||
| 700 |
_aთურმანიძე, ქეთევანი _eავტორი _924678 |
||
| 700 |
_aთურმანიძე, თამარი _eავტორი _924679 |
||
| 942 |
_cBK _2udc |
||